LIBRARY & INFORMATION CENTRE, KCAET, TAVANUR

ONLINE PUBLIC ACCESS CATALOGUE (OPAC)

Investigations on design parameters for the development of a pineapple harvester (Record no. 15532)

MARC details
000 -LEADER
fixed length control field 00536nam a22001577a 4500
003 - CONTROL NUMBER IDENTIFIER
control field OSt
008 - FIXED-LENGTH DATA ELEMENTS--GENERAL INFORMATION
fixed length control field 180925b ||||| |||| 00| 0 eng d
082 ## - DEWEY DECIMAL CLASSIFICATION NUMBER
Classification number 664
Item number ATH/IN
100 ## - MAIN ENTRY--AUTHOR NAME
Personal name Athira Prasad
245 ## - TITLE STATEMENT
Title Investigations on design parameters for the development of a pineapple harvester
260 ## - PUBLICATION, DISTRIBUTION, ETC. (IMPRINT)
Place of publication Thavanur
Name of publisher Department of farm machinery and power engineering
Year of publication 2018
300 ## - PHYSICAL DESCRIPTION
Number of Pages 138
Accompanying material CD
700 ## - ADDED ENTRY--PERSONAL NAME
Personal name Shivaji, K.P(Guide)
856 ## - ELECTRONIC LOCATION AND ACCESS
Uniform Resource Identifier <a href="https://drive.google.com/open?id=1v2Y4ZqwcHP2nph1RD6a8TJ_iZ_S2-GQa">https://drive.google.com/open?id=1v2Y4ZqwcHP2nph1RD6a8TJ_iZ_S2-GQa</a>
942 ## - ADDED ENTRY ELEMENTS (KOHA)
Koha item type Project Report
Holdings
Withdrawn status Lost status Damaged status Home library Current library Date acquired Full call number Accession Number Koha item type
      KAUAET KAUAET 25/09/2018 664 ATH/IN T 427 Project Report
free website counter